[Event "Arco op 41st"]
[Site "Arco"]
[Date "2019.10.06"]
[Round "3"]
[White "Thaler, Elmar"]
[Black "Verrascina, Roberto"]
[Result "1-0"]
[WhiteElo "1836"]
[BlackElo "2100"]
[PlyCount "87"]
[EventDate "2019.10.04"]
[EventType "swiss"]
[EventRounds "9"]
[EventCountry "ITA"]
[SourceTitle "EXT 2020"]
[Source "ChessBase"]
[SourceDate "2019.10.17"]
[SourceVersion "1"]
[SourceVersionDate "2019.10.17"]
[SourceQuality "1"]

1. d4 g6 2. Nf3 Bg7 3. h3 d6 4. Bf4 Nd7 5. e3 e5 6. Bg5 Ne7 7. Bxe7 Qxe7 8. Bc4 Nb6 9. Bb3 0-0 10. 0-0 c6 11. dxe5 dxe5 12. e4 Nd7 13. c4 Nc5 14. Bc2 Ne6 15. Na3 Rd8 16. Qe1 Nf4 17. Kh2 h5 18. Rd1 Be6 19. h4 Bg4 20. Qe3 Bxf3 21. Qxf3 Qxh4+ 22. Kg1 Ne6 23. b4 Nd4 24. Qe3 Bh6 25. Qh3 Qe7 26. c5 a5 27. Rxd4 exd4 28. Nc4 axb4 29. Bb3 Bf4 30. Qf3 Bc7 31. e5 Rd7 32. Re1 Rf8 33. Qe4 d3 34. Nd6 d2 35. Qxg6+ Kh8 36. Qh6+ Kg8 37. Re3 d1Q+ 38. Bxd1 h4 39. Bb3 Bd8 40. Qg6+ Kh8 41. Qh6+ Kg8 42. Bc2 f5 43. Bb3+ Rf7 44. Bxf7+ 1-0

[Event "Arco Christmas op 9th"]
[Site "Arco"]
[Date "2018.12.29"]
[Round "5"]
[White "Thaler, Elmar"]
[Black "Lagrotteria, Salvatore"]
[Result "1/2-1/2"]
[WhiteElo "1813"]
[BlackElo "2104"]
[PlyCount "53"]
[EventDate "2018.12.26"]
[EventType "swiss"]
[EventRounds "7"]
[EventCountry "ITA"]
[SourceTitle "CBM 188 Extra"]
[Source "ChessBase"]
[SourceDate "2019.02.26"]
[SourceVersion "1"]
[SourceVersionDate "2019.02.26"]
[SourceQuality "1"]

1. d4 g6 2. Nf3 Bg7 3. h3 d6 4. Bf4 c5 5. c3 cxd4 6. cxd4 Nf6 7. Nc3 0-0 8. e3 Qa5 9. Qd2 a6 10. a3 Nc6 11. Be2 b5 12. 0-0 b4 13. axb4 Qxb4 14. Bg5 Qb7 15. Nh2 Bd7 16. Bf3 Rfb8 17. Rfb1 Qc8 18. Rc1 Qe8 19. Ra3 Ra7 20. Bxf6 Bxf6 21. Nd5 Bg7 22. Rac3 e6 23. Nf6+ Bxf6 24. Bxc6 h5 25. Nf3 Kg7 26. e4 Bd8 27. d5 1/2-1/2